000 00490nam a2200205Ia 4500
003 OSt
005 20220923230810.0
006 a|||||r|||| 00| 0
007 ta
008 Pun
024 _a305,611
037 _cTextual
040 _aARTS
_cARTS
_bPun
041 _2Pun
_aPun
082 _aQ8441:21x, 153L0
245 0 _aਗੁਰਬਾਣੀ ਟੀਕੇ
_b ਆਨੰਦ-ਘਨ
260 _c1970
942 _hQ8441:21x, 153L0
_cTEXL
_2CC
999 _c387403
_d387403